MARC

LEADER 00000nam0a2200000 4500
001 123950
005 20231031130705.0
020 |a RU  |b 80-58994 
035 |a (RuTPU)RU\TPU\book\134151 
090 |a 123950 
100 |a 20071025d1980 km y0rusy5003 ca 
101 0 |a rus 
102 |a RU 
105 |a a z 001zy 
200 1 |a Диффузия в мембранах  |f Н. И. Николаев 
210 |a Москва  |c Химия  |d 1980 
215 |a 232 с.  |c ил. 
320 |a Библиография в конце глав. 
610 1 |a мембраны полупроницаемые 
610 1 |a смеси 
610 1 |a диффузия 
610 1 |a мембранные технологии 
610 1 |a проницаемость 
610 1 |a ионообменные мембраны 
610 1 |a твердые мембраны 
675 |a 66.023  |z rus 
700 1 |a Николаев  |b Н. И.  |g Николай Иванович  |4 070 
801 0 |a RU  |b RuMRKP  |c 19950704  |g psbo 
801 1 |a RU  |b 63413507  |c 20071025  |g PSBO 
801 2 |a RU  |b 63413507  |c 20080924  |g PSBO 
942 |c BK